书目信息 |
| 题名: |
超融合基础架构 (HCI) 数据中心
|
|
| 作者: | 哈拉比 , 田果 著 | |
| 分册: | ||
| 出版信息: | 北京 人民邮电出版社 2020.07 |
|
| 页数: | 442页 | |
| 开本: | 24cm | |
| 丛书名: | ||
| 单 册: | ||
| 中图分类: | TP393.027 | |
| 科图分类: | ||
| 主题词: | 云计算--yun ji suan | |
| 电子资源: | ||
| ISBN: | 978-7-115-53553-5 | |
| 000 | 01157nam0 2200265 450 | |
| 001 | 202020140589 | |
| 005 | 20200926181352.0 | |
| 010 | @a978-7-115-53553-5@dCNY129.00 | |
| 100 | @a20200918d2020 em y0chiy50 ea | |
| 101 | 1 | @achi@ceng |
| 102 | @aCN@b110000 | |
| 105 | @aa z 000yy | |
| 106 | @ar | |
| 200 | 1 | @a超融合基础架构 (HCI) 数据中心@Achao rong he ji chu jia gou ( HCI ) shu ju zhong xin@f(美) 山姆·哈拉比著@d= Hyperconverged infrastructure data centers demystifying HCI@fSam Halabi@g田果译@zeng |
| 210 | @a北京@c人民邮电出版社@d2020.07 | |
| 215 | @a442页@c图@d24cm | |
| 314 | @a山姆·哈拉比是业内知名人士, 在信息技术、多云、超融合、企业软件和数据中心领域拥有丰富的经验。 | |
| 330 | @a本书作为为数不多的超融合架构图书, 深入浅出地介绍了相关的知识和用例, 并从独立于厂商的角度对各个厂商 (比如Nutanix、VMware等) 的HCI解决方案进行了对比。 | |
| 500 | 10 | @aHyperconverged infrastructure data centers demystifying HCI@mChinese |
| 606 | 0 | @a云计算@Ayun ji suan |
| 690 | @aTP393.027@v5 | |
| 701 | 1 | @a哈拉比@Aha la bi@g(Halabi, Sam)@4著 |
| 701 | 0 | @a田果@Atian guo@4译 |
| 801 | 0 | @aCN@c20200630 |
| 905 | @a河南城建学院图书馆@dTP393.027@eH022 | |
| 超融合基础架构 (HCI) 数据中心/(美) 山姆·哈拉比著= Hyperconverged infrastructure data centers demystifying HCI/Sam Halabi/田果译.-北京:人民邮电出版社,2020.07 |
| 442页:图;24cm |
| ISBN 978-7-115-53553-5:CNY129.00 |
| 本书作为为数不多的超融合架构图书, 深入浅出地介绍了相关的知识和用例, 并从独立于厂商的角度对各个厂商 (比如Nutanix、VMware等) 的HCI解决方案进行了对比。 |
| ● |
| 相关链接 |
|
|
|
正题名:超融合基础架构 (HCI) 数据中心
索取号:TP393.027/H022
 
预约/预借
| 序号 | 登录号 | 条形码 | 馆藏地/架位号 | 状态 | 备注 |
| 1 | 1490789 | 214907895 | 自科库301/301自科库 120排1列5层/ [索取号:TP393.027/H022] | 在馆 |